000 00634nam a22001817a 4500
003 OSt
005 20251216060132.0
008 251216b |||||||| |||| 00| 0 eng d
020 _a 971-23-2606-3.
040 _aDWCL-Admin lib
_cOC
082 _aFil. 650 Un58q 1999
110 _aUniversity of the East Committee
245 _a Quantitative techniques for business :
_bwith case analysis and computer applications 1st ed. /
_cUniversity of the East Committee
260 _aManila :
_bRex Book Store,
_cc1999.
300 _a x, 326 p. :
_bill. ;
_c25 cm.
650 _a1. Business-Textbooks.
942 _2ddc
_cBK-FIL
_e1st ed.
_kFil.
_n0
999 _c7118
_d7118